[Event "USCL Week 5"]
[Site "Internet Chess Club"]
[Date "2011.09.28"]
[Round "?"]
[White "Pruess, David"]
[Black "Kelley, Dereque"]
[Result "1/2-1/2"]
[WhiteElo "2414"]
[BlackElo "2241"]
[PlyCount "171"]
[EventDate "2011.??.??"]

1. d4 Nf6 2. c4 e6 3. Nc3 Bb4 4. g3 c5 5. Nf3 cxd4 6. Nxd4 Ne4 7. Bd2 Bxc3 8.
Bxc3 Nxc3 9. bxc3 Qa5 10. Qd2 O-O 11. Bg2 Nc6 12. Rb1 a6 13. O-O Qc5 14. Nxc6
dxc6 15. Qd4 Qa5 16. c5 Qxa2 17. e4 e5 18. Qxe5 Qe6 19. Qxe6 Bxe6 20. Rxb7 a5
21. Ra1 a4 22. f4 g6 23. e5 Ra5 24. Bxc6 Rxc5 25. Bxa4 Ra8 26. Kf2 Rxc3 27.
Rbb1 Rd3 28. Bc6 Rd2+ 29. Kg1 Rxa1 30. Rxa1 h5 31. h4 Bg4 32. Rf1 Kf8 33. Rf2
Rxf2 34. Kxf2 Ke7 35. Ke3 Bf5 36. Be4 Bg4 37. Kd4 Ke6 38. Bd5+ Ke7 39. Bb3 Bc8
40. Bc4 Bd7 41. Ke4 Bf5+ 42. Kf3 Bg4+ 43. Kg2 Bc8 44. Kh2 Bg4 45. Bf1 f6 46.
exf6+ Kxf6 47. Kg2 Bc8 48. Kf3 Bd7 49. Ke3 Bc8 50. Kd4 Bd7 51. Bd3 Bc8 52. Kd5
Bh3 53. Kd6 Bg4 54. Bb5 Bd1 55. Bd7 Be2 56. Bh3 Bd1 57. Kd7 Kf7 58. Be6+ Kf6
59. Bh3 Kf7 60. Bf1 Bb3 61. Bd3 Be6+ 62. Kd6 Bb3 63. Ke5 Kg7 64. Be2 Bf7 65.
Bf3 Be8 66. Ke6 Bf7+ 67. Ke5 Be8 68. Ke6 Bf7+ 69. Ke7 Bb3 70. f5 gxf5 71. Bxh5
Bc4 72. Bf3 Kg6 73. Bd1 Bd3 74. Ke6 Bb1 75. Ke5 Bd3 76. Ba4 Kh5 77. Bd1+ Kg6
78. Bf3 Bc2 79. Bc6 Kh5 80. Kf4 Kg6 81. Be8+ Kf6 82. h5 Bb3 83. Bg6 Be6 84. Bh7
Bf7 85. h6 Be6 86. g4 1/2-1/2

[Event "USCL Week 5"]
[Site "Internet Chess Club"]
[Date "2011.09.28"]
[Round "?"]
[White "Golub, David"]
[Black "Sevian, Samuel"]
[Result "1-0"]
[WhiteElo "2188"]
[BlackElo "2262"]
[PlyCount "143"]
[EventDate "2011.??.??"]

1. e4 e5 2. Nf3 Nc6 3. Bc4 Nf6 4. d3 Be7 5. Nbd2 d6 6. a4 O-O 7. h3 h6 8. Nf1
d5 9. exd5 Nxd5 10. Ng3 Kh8 11. O-O Nb6 12. Bb5 Bd6 13. Re1 Ne7 14. a5 Nbd5 15.
Nxe5 f6 16. Nf3 Bxg3 17. fxg3 Qd6 18. c4 Ng8 19. Kh2 Nde7 20. Bf4 Qd8 21. g4
Ng6 22. Bg3 Bd7 23. Bxd7 Qxd7 24. d4 Qf7 25. Qc2 c6 26. Rad1 Rac8 27. b3 Rfd8
28. Qf5 N8e7 29. Qe6 Qxe6 30. Rxe6 Kg8 31. Rde1 Kf7 32. h4 Rd7 33. Bd6 Ng8 34.
Bc5 a6 35. Kg3 Nf8 36. R6e2 Rdd8 37. h5 Nd7 38. Bd6 Nf8 39. Bxf8 Rxf8 40. Rf2
g5 41. hxg6+ Kxg6 42. Nh4+ Kf7 43. Rfe2 Rfd8 44. Nf5 Rd7 45. Kh4 Rb8 46. c5
Rbd8 47. b4 Rd5 48. Re6 R8d7 49. R1e4 Rc7 50. Rd6 Rd7 51. Rxd5 cxd5 52. Re3 Rc7
53. Kh5 Rd7 54. Re1 Rc7 55. Nd6+ Kf8 56. Re8+ Kg7 57. Rb8 Rd7 58. Rxb7 Rxb7 59.
Nxb7 Ne7 60. Nd8 Kf8 61. Ne6+ Ke8 62. Nc7+ Kd7 63. Nxa6 Nc6 64. b5 Nxd4 65. c6+
Kc8 66. Nb4 Nxb5 67. Nxd5 Nd4 68. c7 f5 69. a6 Nb5 70. gxf5 Nd6 71. f6 Nf7 72.
a7 1-0